Lectures on corporate laws and secretarial practice : (Record no. 5852)

MARC details
000 -LEADER
fixed length control field 00779 a2200217 4500
010 ## - LCCN (DPL NO)
LC control number ENG-86979 B315695
020 ## - INTERNATIONAL STANDARD BOOK NUMBER
International Standard Book Number 8180545539
Terms of availability 250.00
035 ## - SYSTEM CONTROL NUMBER
System control number EN-70512
035 ## - SYSTEM CONTROL NUMBER
System control number B-315695
037 ## - SOURCE OF ACQUISITION
Source of stock number/acquisition DBAD / PUB
037 ## - SOURCE OF ACQUISITION
Source of stock number/acquisition UBH/RP/CL/E;12/20-01-09/24-01-09/30-01-09
082 ## - DEWEY DECIMAL CLASSIFICATION NUMBER
Classification number 346.066
100 ## - MAIN ENTRY--PERSONAL NAME
Personal name Kapoor, G. K.
245 ## - TITLE STATEMENT
Title Lectures on corporate laws and secretarial practice :
Statement of responsibility, etc by G. K. Kapoor
Remainder of title for C. A. (final) /
250 ## - EDITION STATEMENT
Edition statement 7th rev.ed
260 ## - PUBLICATION, DISTRIBUTION, ETC. (IMPRINT)
Place of publication, distribution, etc New Delhi
Name of publisher, distributor, etc Sultan Chand
Date of publication, distribution, etc 2007
270 ## - ADDRESS
Address 23, Daryaganj
City New Delhi
Postal code 110 002
Telephone number 23243183, 23247051
Fax number 011-23266357
300 ## - PHYSICAL DESCRIPTION
Extent various paging
Dimensions 28 cm (Pbk)
942 ## - ADDED ENTRY ELEMENTS (KOHA)
Institution code [OBSOLETE] dpl
Item type English Books
Source of classification or shelving scheme Dewey Decimal Classification
Classification part 346.066
Call number suffix KAP
Holdings
Withdrawn status Lost status Not for loan Collection code Home library Current library Source of acquisition Cost, normal purchase price Full call number Barcode Copy number Cost, replacement price Koha item type Date acquired
        Central Library Central Library RP/CL 275.00 346.66 KAP B-315695   275.00 English Books 24/01/2009
    Not For Loan Non-fiction D.B.Act.Division D.B.Act.Division DBAD/PUB 250.00 346.066 KAP EN-70512 1 250.00 English Books  

© Delhi Public Library
Hit Counter
free hit counter